00988nam0a22002171 4500001001000000005001700010035002600027100004100053101000800094102000700102105001800109200033100127210002600458215002300484320004200507702006100549712010200610801001800712801002200730852001800752rc\96778820260407083235.0 a(NLR Aleph) 006136952 a20041129d1982 |||y0rusy50 ca0 arus aRU aa |||||||||1 aВопросы повышения эффективности методов и средств навигации и управления воздушным движениемeМежвуз. темат. сб. науч. тр.fАкад. гражд. авиацииg[Редкол.: П.В. Олянюк (отв. ред.) и др.] aЛ.cОЛАГАd1982 a117 с.cил.d21 aБиблиогр. в конце ст. 1aОлянюкbП.В.gПетр Васильевич434002aАкадемия гражданской авиацииcЛенинград3RU\NLR\AUTH\8810049 0aRUbNLRgpsbo 1aRUbELAR2rusmarc aNLRj85-5/826